Občianske združenia

Právny základ občianskych združení. Základné zásady združení. Vznik združení. Registrácia združenia. Podnikateľská činnosť občianskeho združenia. Zánik združenia. Postup pre registráciu združenia za účelom poberania 2 percent z odvedenej dane.

Salvato in:
Dettagli Bibliografici
Autore principale: Kašiar, Ján
Natura: Capitolo di libro
Lingua:slovacco
Soggetti:
Tags: Aggiungi Tag
Nessun Tag, puoi essere il primo ad aggiungerne!!

MARC

LEADER 00000naa a2200000 4500
001 0241820
005 20180409100042.1
041 0 |a slo 
044 |a SK 
245 1 0 |a Občianske združenia  |c Ján Kašiar 
520 |a Právny základ občianskych združení. Základné zásady združení. Vznik združení. Registrácia združenia. Podnikateľská činnosť občianskeho združenia. Zánik združenia. Postup pre registráciu združenia za účelom poberania 2 percent z odvedenej dane. 
610 2 0 |a združenia občianske 
610 2 0 |a legislatíva 
610 2 0 |a podnikanie 
610 2 0 |a financovanie 
610 2 0 |a financie 
610 2 0 |a dary 
610 2 0 |a granty 
610 2 0 |a dotácie 
610 2 0 |a kultúra 
610 2 0 |a šport 
610 2 0 |a ekológia 
610 2 0 |a registrácia 
100 1 |a Kašiar, Ján